000 00713nam a2200205 i 4500
001 128985
003 ES-MaACL
007 t|
008 070601s1982 sp ||||1| spa d
080 _a629.7.058
100 1 _aTaylor, Sydney Ernest Thomas.
_9109470
245 1 0 _aTecnología del vuelo
_b: radio-ayudas para la navegación aérea /
_cS.E.T. Taylor y H.A. Parmar ; [traducido por Daniel Santano y León].
260 _aMadrid :
_bParaninfo,
_c1982.
300 _a243 p. :
_bil. ;
_c22 cm.
650 1 7 _aRadionavegación
_2embne
_916671
700 1 _aParmar, Hasmumukhlal Amritlal.
_989195
700 1 _aSantano y León, Daniel.
_9181683
852 _aES-MaACL
_jL-3419
_bR.104008
999 _c128985
_d128985